000 00667nam a22002297a 4500
003 UA-OsUOA
001 26666
007 ta
008 20040608b un ||||| |||| 00| 0 ukr d
090 _a581.1(477)
_bА43
942 _cBK
040 _aUA-OsUOA
_bukr
_cUA-OsUOA
_dUA-OsUOA
245 _aАктуальні питання фізіології рослин в аспекті екологічних проблем України
_bТези доповідей міжнародної наради
300 _a67 с.
955 _a0
041 _aukr
080 _a581.1(477)
260 _aКиїв
_c1995
044 _aUA
650 7 _2UDC
999 _c312994
_d312994